Statistics for Shout Out to My Ex - Little Mix (All Lyrics)

Click here to take the quiz!

General Stats

  • This quiz has been taken 1,465 times
  • The average score is 344 of 431

Answer Stats

Shout Out to My Ex% Correct
ex
100%
I
100%
my
100%
out
100%
Bridge | ChorusShout
100%
shout
100%
to
100%
a
99%
he
97%
me
96%
is
95%
this
95%
Verse 1This
95%
you
95%
You
95%
the
94%
and
90%
I'm
90%
that
89%
For
88%
it
88%
get
86%
love
86%
so
86%
Then
86%
yeah
86%
Yeah
86%
heart
84%
really
84%
your
84%
over
83%
way
83%
chick
82%
am
81%
baby
81%
who
81%
made
80%
other
80%
quite
80%
say
80%
sex
80%
she
80%
thank
80%
ain't
79%
Ain't
79%
better
79%
hate
79%
hope
79%
Hope
79%
man
79%
no
79%
admit
78%
Boy
78%
boy
78%
break
78%
Heard
78%
hurt
78%
I'll
78%
in
78%
like
78%
Oh
78%
by
77%
did
77%
should
77%
some
77%
tattoos
77%
Forget
76%
gettin'
76%
with
76%
Pre-ChorusGuess
74%
all
73%
you're
73%
now
72%
you's
72%
at
71%
never
71%
down
70%
fakin'
70%
hey
70%
look
70%
life
69%
anyway
68%
cool
67%
Here's
67%
up
67%
Go
66%
bring
65%
loved
64%
took
63%
Took
63%
You'll
63%
you'll
63%
sure
62%
call
58%
live
58%
swear
58%
quits
56%
babe
55%
years
54%
four
53%
long
53%
deleted
52%
phone
52%
pics
51%
number
50%
from
49%
But
48%
Well
47%
head
46%
blocked
45%
broke
40%
could
40%
more
40%
getting
36%
Cause
35%
two
34%
legit
33%
Im'a
29%
I'ma
29%
living
27%
new
27%
though
27%
Even
26%
brand
24%
lips
21%
back
20%
read
19%
right
19%
snapped
15%

Score Distribution

Percentile by Number Answered

Percent of People with Each Score

Your Score History

You have not taken this quiz